| Поле | Инд. | ПП | Название | Значение |
|---|---|---|---|---|
| Тип записи | a | |||
| Библиографический уровень | m | |||
| 001 | Контрольный номер | f93719f2-1d20-4d06-a060-714adfe86dae | ||
| 005 | Дата корректировки | 20140703160017.7 | ||
| 008 | Кодируемые данные | 070222 | ||
| 020 | a | ISBN | 978-5-484-00899-5 | |
| a | ISBN | 5-484-00899-9 | ||
| c | Цена, тираж | 199.00 | ||
| 040 | a | Служба первич. каталог. | НБ ТвГУ | |
| 041 | a | Код языка текста | rus | |
| 080 | a | Индекс УДК | 536.755 | |
| a | Индекс УДК | 532.517.4 | ||
| 084 | a | Индекс другой классификации/Индекс ББК | В317.26 | |
| a | Индекс другой классификации/Индекс ББК | В253.320.43 | ||
| 090 | x | Авторский знак | К49 | |
| a | Полочн. индекс | В317.2 | ||
| 100 | 1_ | a | Автор | Климонтович Юрий Львович |
| 245 | 10 | a | Заглавие | Турбулентное движение и структура хаоса |
| b | Продолж. заглавия | новый подход к стат. теории открытых систем | ||
| c | Ответственность | Ю. Л. Климонтович | ||
| 250 | a | Основные сведения об издании | Изд. 2-е | |
| 260 | 0_ | a | Место издания | Москва |
| b | Издательство | URSS | ||
| b | Издательство | КомКнига | ||
| c | Дата издания | 2007 | ||
| 300 | a | Объем | 322, [1] с. | |
| 440 | a | Серия | Синергетика: от прошлого к будущему | |
| 504 | a | Библиография | Библиогр.: с.305-317 | |
| 583 | a | Действие | Получение впервые 33 21.02.2007 | |
| k | Исполнитель действия | Дар ООО "Книжный мир" | ||
| 650 | a | Основная рубрика | Неравновесные процессы | |
| x | Основная подрубрика | Статистическая физика | ||
| 650 | a | Основная рубрика | Открытые системы | |
| 650 | a | Основная рубрика | Турбулентное течение | |
| 650 | a | Основная рубрика | Хаос | |
| 653 | a | Ключевые слова | Статистическая физика | |
| a | Ключевые слова | Неравновесные процессы | ||
| a | Ключевые слова | Открытые системы | ||
| a | Ключевые слова | Турбулентное движение | ||
| a | Ключевые слова | Хаос | ||
| 700 | 1_ | a | Другие авторы | Малинецкий Г. Г. |
| e | Роль лиц | авт. предисл. | ||
| 852 | t | Порядковый номер экземпляра | 1 | |
| p | Инвентарный номер | 870561 | ||
| 952 | p | 33.2007 199.00 1 870561 | ||
| c | Вид литературы | К рн | ||
| 954 | a | Дата поступления на обработку | 20071005 | |
| 999 | a | Подразделение 2 | Фил3 |